Účinný prostriedok masovopolitickej práce

Podrobná bibliografia
Hlavný autor: Kopčan, Štefan (Autor)
Médium: Článok
Jazyk:slovenčina
Predmet:

MARC

LEADER 00000nab a2200000 a 4500
001 vtls000020084
003 SK-MaSNL
005 20260303195501.0
008 111103c1979 xo 0 slo
015 |a SNBRB19rr/mm-uuuuu 
035 |a CL0030178 
040 |a SNKBUCL  |b slo  |c SNKBUCL  |e AACR2 
041 0 |a slo 
044 |a xo  |c SK 
080 |a 329.15(437.6)  |2 1981 
100 1 |a Kopčan, Štefan  |4 aut  |9 438986 
245 1 0 |a Účinný prostriedok masovopolitickej práce  |c Štefan Kopčan 
610 2 7 |a Komunistická strana Slovenska  |2 snkbucl  |9 30182 
650 0 7 |a vzdelávanie vnútrostranícke  |2 snkbucl  |9 1198431 
655 7 |a články z novín a časopisov  |2 snkbucl  |9 267496 
773 0 |t Život strany  |g Č. 2 (1979), s. 22-23 
850 |a Slovenská národná knižnica v Martine  |a MTA001 
852 |a SNK  |b KIS3GCP 
958 |a RK 
992 |a RBX 
999 |c 2163025  |d 2164955